|
|
|
|
| LEADER |
00828nam a22001817a 4500 |
| 082 |
|
|
|a 920
|b ABR/T K7
|
| 100 |
|
|
|a പി ജെ ഏബ്രഹാം;
|9 37598
|
| 100 |
|
|
|a P J Abraham
|9 37599
|
| 240 |
|
|
|a Thee pidicha kappalil
|
| 245 |
|
|
|a തീപിടിച്ച കപ്പലില് (സ്മരണ)
|
| 250 |
|
|
|a 1st
|
| 260 |
|
|
|a Kottayam;
|b Sahitya Pravarthaka Co-operative Society Ltd;
|c 1967
|
| 300 |
|
|
|a 121p.
|
| 650 |
|
|
|a മലയാളം; ആത്മകഥ; ജീവചരിത്രം; മലയാളസാഹിത്യം
|9 300697
|
| 650 |
|
|
|a Malayalam; Autobiography; Biography; Malayalam Literature
|9 300698
|
| 942 |
|
|
|c BK
|
| 999 |
|
|
|c 38376
|d 38376
|
| 952 |
|
|
|0 0
|1 0
|4 0
|6 920_000000000000000_ABR_T_K7
|7 0
|8 BIO
|9 43258
|a MAL
|b MAL
|d 2015-06-20
|e 7335
|g 2.00
|l 0
|o 920 ABR/T K7
|p MAL007335
|r 2015-06-20
|t 1
|w 2015-06-20
|y BK
|